أسرار البحار / (رقم التسجيلة. 51813)

تفاصيل مارك
000 -LEADER
fixed length control field 00624nam a22002057a 4500
005 - DATE AND TIME OF LATEST TRANSACTION
control field 20251108170915.0
008 - FIXED-LENGTH DATA ELEMENTS--GENERAL INFORMATION
fixed length control field 250721s1983 xx 000 0 ara d
082 14 - DEWEY DECIMAL CLASSIFICATION NUMBER
Classification number ط/551.46/سان
100 1# - MAIN ENTRY--PERSONAL NAME
Personal name ساندرسن، دنس
245 10 - TITLE STATEMENT
Title أسرار البحار /
264 1# - PRODUCTION, PUBLICATION, DISTRIBUTION, MANUFACTURE, AND COPYRIGHT NOTICE
Place of production, publication, distribution, manufacture بيروت :
Name of producer, publisher, distributor, manufacturer مكتبة لبنان،
Date of production, publication, distribution, manufacture, or copyright notice 1983.
300 ## - PHYSICAL DESCRIPTION
Extent 50ص
490 0# - SERIES STATEMENT
Series statement سلسلة حافظوا على البيئة
650 17 - SUBJECT ADDED ENTRY--TOPICAL TERM
Topical term or geographic name as entry element البحار
650 17 - SUBJECT ADDED ENTRY--TOPICAL TERM
Topical term or geographic name as entry element الحيوانات البحرية
653 ## - INDEX TERM--UNCONTROLLED
Uncontrolled term ناشئون صغار (10-14) سنة
700 1# - ADDED ENTRY--PERSONAL NAME
Personal name مطلق، ألبير
Relator term ترجمة
942 ## - ADDED ENTRY ELEMENTS (KOHA)
Source of classification or shelving scheme Dewey Decimal Classification
Koha item type كتب
المقتنيات
حالة السحب حالة الفقدان مصدر التصنيف حالة التلف غير قابل للإعارة المكتبة الرئيسية المكتبة الحالية موقع الرف تاريخ التزويد الرقم المتسلسل Total Checkouts رقم الإستدعاء تاريخ آخر ظهور تاريخ الفاتورة نوع المادة (كوها) الباركود
    Dewey Decimal Classification Unchecked   مكتبة أبو علندا العامة مكتبة أبو علندا العامة الأطفال 06/07/2004 13   ط/551.46/سان 28/07/2025 06/07/2004 كتب  
    Dewey Decimal Classification     مكتبة الأميرة سلمى مكتبة الأميرة سلمى الأطفال 28/07/2025 568980   ط/551.46/سان 28/07/2025 28/07/2025 كتب 568980
    Dewey Decimal Classification Unchecked   مكتبة البراءة للأطفال مكتبة البراءة للأطفال الأطفال 28/07/2025 366819   ط/551.46/سان 28/07/2025 28/07/2025 كتب  
    Dewey Decimal Classification     مكتبة الراية الهاشمية للأطفال مكتبة الراية الهاشمية للأطفال الأطفال 27/10/2015 296175   ط/551.46/سان 28/07/2025 27/10/2015 كتب PLD00360425
    Dewey Decimal Classification     مكتبة الياسمين للأطفال مكتبة الياسمين للأطفال الأطفال 17/03/2014 557376   ط/551.46/سان 28/07/2025 17/03/2014 كتب PLD00295227
    Dewey Decimal Classification     مكتبة بدر الجديدة للأطفال مكتبة بدر الجديدة للأطفال الأطفال 28/07/2025 400394   ط/551.46/سان 28/07/2025 28/07/2025 كتب 400394
    Dewey Decimal Classification     مكتبة بدر للأطفال مكتبة بدر للأطفال الأطفال 14/08/2022 291236   ط/551.46/سان 28/07/2025 14/08/2022 كتب PLD00499240
Implemented & Customized by: BBB with SCIT (Smart Chains for Information Technology)

Powered by Koha